header

Practical anaesthesia and analgesia for day surgery (Record no. 2759)

MARC details
000 -LEADER
fixed length control field 01249nam a2200337 a 4500
082 04 - DEWEY DECIMAL CLASSIFICATION NUMBER
Classification number 617.96
100 1# - MAIN ENTRY--AUTHOR NAME
Personal name Millar, J. M.
245 10 - TITLE STATEMENT
Title Practical anaesthesia and analgesia for day surgery
260 ## - PUBLICATION, DISTRIBUTION, ETC. (IMPRINT)
Place of publication Oxford :
Name of publisher BIOS Scientific,
Year of publication 1997
300 ## - PHYSICAL DESCRIPTION
Number of Pages xii, 250 p. :
Other physical details ill.
650 #0 - SUBJECT ADDED ENTRY--TOPICAL TERM
Topical Term Anesthesia.
Topical Term Ambulatory surgery.
700 1# - ADDED ENTRY--PERSONAL NAME
Personal name Rudkin, G. E.
Personal name Hitchcock, M.
856 40 - ELECTRONIC LOCATION AND ACCESS
Uniform Resource Identifier http://site.ebrary.com/lib/rucke/Doc?id=5000327

No items available.

© 2026 Rongo University
Contact us: librarian | system librarian | Rongo university